الإدارة بالأهداف وتقييم الأداء الإداري / (رقم التسجيلة. 80392)
[ عرض عادي ]
| 000 -الفاتح | |
|---|---|
| حقل البيانات ثابتة الطول | 00935nam a22002417a 4500 |
| 003 - محدد رقم الضبط | |
| رقم الضبط | OSt |
| 005 - وقت وتاريخ اخر تعامل مع التسجيلة | |
| رقم الضبط | 20220625160057.0 |
| 008 - عناصر البيانات ثابتة الطول - معلومات عامة | |
| حقل البيانات ثابتة الطول | 220625b2016 jo ||||g |||| 00| 0 ara d |
| 020 ## - الرقم الدولى المعيارى للكتب | |
| الرقم الدولى المعيارى للكتاب | 9789957603557 |
| 040 ## - مصدر الفهرسة | |
| وكالة الفهرسة الأصلية | Ma-Un |
| وكالة النسخ | Ma-Un |
| 082 ## - رقم تصنيف ديوى العشرى | |
| رقم الطبعة | 21 |
| رقم التصنيف | 658.4012 |
| رقم المادة | س م إ |
| 100 ## - المدخل الرئيسى - إسم شخصى | |
| الإسم الشخصى | سعيد، محمد نمر. |
| 245 ## - بيان العنوان | |
| العنوان | الإدارة بالأهداف وتقييم الأداء الإداري / |
| بيان المسئوليه,etc | محمد نمر سعيد. |
| 250 ## - بيان الطبعة | |
| بيان الطبعة | ط. 1. |
| 260 ## - PUBLICATION, DISTRIBUTION, ETC. (IMPRINT) | |
| مكان الناشر او الموزع | عمان، الأردن : |
| اسم الناشر او الموزع | دار المستشارون للنشر والتوزيع، |
| تاريخ النشر أو التوزيع | 2016 |
| تاريخ النشر هجري | 1437 |
| 300 ## - الوصف المادى | |
| التعداد | 200 ص. : |
| تفاصيل ماديه اخرى للوعاء | ايض. ؛ |
| أبعاد الوعاء | 24 سم. |
| 504 ## - تبصرة ببليوجرافية | |
| تبصرة ببليوجرافية,الخ | يشتمل على قائمة ببليوجرافية. |
| 650 ## - المدخل الاضافى بالموضوع-مصطلح موضوعى | |
| مصطلح موضوعي أو اسم جغرافي كعنصر مدخل | الإدارة بالأهداف. |
| 650 ## - المدخل الاضافى بالموضوع-مصطلح موضوعى | |
| مصطلح موضوعي أو اسم جغرافي كعنصر مدخل | الإدارة الاستراتيجية. |
| 650 ## - المدخل الاضافى بالموضوع-مصطلح موضوعى | |
| مصطلح موضوعي أو اسم جغرافي كعنصر مدخل | التخطيط الإداري. |
| 650 ## - المدخل الاضافى بالموضوع-مصطلح موضوعى | |
| مصطلح موضوعي أو اسم جغرافي كعنصر مدخل | القيادة الإدارية. |
| 952 ## - LOCATION AND ITEM INFORMATION (KOHA) | |
| نوع المادة فى نظام كوها | كتاب |
| 952 ## - LOCATION AND ITEM INFORMATION (KOHA) | |
| نوع المادة فى نظام كوها | كتاب |
| 952 ## - LOCATION AND ITEM INFORMATION (KOHA) | |
| نوع المادة فى نظام كوها | كتاب |
| 952 ## - LOCATION AND ITEM INFORMATION (KOHA) | |
| نوع المادة فى نظام كوها | كتاب |
| 952 ## - LOCATION AND ITEM INFORMATION (KOHA) | |
| نوع المادة فى نظام كوها | كتاب |
| 952 ## - LOCATION AND ITEM INFORMATION (KOHA) | |
| نوع المادة فى نظام كوها | كتاب |
| 952 ## - LOCATION AND ITEM INFORMATION (KOHA) | |
| نوع المادة فى نظام كوها | كتاب |
| 952 ## - LOCATION AND ITEM INFORMATION (KOHA) | |
| نوع المادة فى نظام كوها | كتاب |
| 952 ## - LOCATION AND ITEM INFORMATION (KOHA) | |
| نوع المادة فى نظام كوها | كتاب |
| 952 ## - LOCATION AND ITEM INFORMATION (KOHA) | |
| نوع المادة فى نظام كوها | كتاب |
| 952 ## - LOCATION AND ITEM INFORMATION (KOHA) | |
| نوع المادة فى نظام كوها | كتاب |
| 952 ## - LOCATION AND ITEM INFORMATION (KOHA) | |
| نوع المادة فى نظام كوها | كتاب |
| 952 ## - LOCATION AND ITEM INFORMATION (KOHA) | |
| نوع المادة فى نظام كوها | كتاب |
| 952 ## - LOCATION AND ITEM INFORMATION (KOHA) | |
| نوع المادة فى نظام كوها | كتاب |
| 952 ## - LOCATION AND ITEM INFORMATION (KOHA) | |
| نوع المادة فى نظام كوها | كتاب |
| 952 ## - LOCATION AND ITEM INFORMATION (KOHA) | |
| نوع المادة فى نظام كوها | كتاب |
| 952 ## - LOCATION AND ITEM INFORMATION (KOHA) | |
| نوع المادة فى نظام كوها | كتاب |
| 942 ## - | |
| -- | ddc |
| -- | BOOK |
| حالة الفقد | نموذج السعر الفعال | حالة تلف | ليس للاعارة | تاريخ الاكتساب | رقم الطلب | تاريخ الاكتساب | الموقع الحالي | الباركود | الفرع الرئيسي | Date last seen | مصدر التصنيف او خطة الترفيف | Total Checkouts |
|---|---|---|---|---|---|---|---|---|---|---|---|---|
| 2022-06-25 | Not For Loan | 2022-06-25 | 658.4012 س م إ | 2022-06-25 | CL | 00176145 | المكتبة المركزية بالمجمعة (CL) | 2022-06-25 | Dewey Decimal Classification | |||
| 2022-06-25 | 2022-06-25 | 658.4012 س م إ | 2022-06-25 | CL | 00176146 | المكتبة المركزية بالمجمعة (CL) | 2022-06-25 | Dewey Decimal Classification | ||||
| 2022-06-25 | 2022-06-25 | 658.4012 س م إ | 2022-06-25 | CL | 00176147 | المكتبة المركزية بالمجمعة (CL) | 2022-06-25 | Dewey Decimal Classification | ||||
| 2022-06-25 | Not For Loan | 2022-06-25 | 658.4012 س م إ | 2022-06-25 | IC | 00176148 | قسم الاجراءات الفنية (IC) | 2022-06-25 | Dewey Decimal Classification | |||
| 2022-06-25 | 2022-06-25 | 658.4012 س م إ | 2022-06-25 | IC | 00176149 | قسم الاجراءات الفنية (IC) | 2022-06-25 | Dewey Decimal Classification | ||||
| 2022-06-25 | Not For Loan | 2022-06-25 | 658.4012 س م إ | 2022-06-25 | IC | 00176150 | قسم الاجراءات الفنية (IC) | 2022-06-25 | Dewey Decimal Classification | |||
| 2022-06-25 | 2022-06-25 | 658.4012 س م إ | 2022-06-25 | IC | 00176151 | قسم الاجراءات الفنية (IC) | 2022-06-25 | Dewey Decimal Classification | ||||
| 2022-06-25 | Not For Loan | 2022-06-25 | 658.4012 س م إ | 2022-06-25 | IC | 00176156 | قسم الاجراءات الفنية (IC) | 2022-06-25 | Dewey Decimal Classification | |||
| 2022-06-25 | 2022-06-25 | 658.4012 س م إ | 2022-06-25 | IC | 00176157 | قسم الاجراءات الفنية (IC) | 2022-06-25 | Dewey Decimal Classification | ||||
| 2022-06-25 | Not For Loan | 2022-06-25 | 658.4012 س م إ | 2022-06-25 | IC | 00176158 | قسم الاجراءات الفنية (IC) | 2022-06-25 | Dewey Decimal Classification | |||
| 2022-06-25 | 2022-06-25 | 658.4012 س م إ | 2022-06-25 | IC | 00176159 | قسم الاجراءات الفنية (IC) | 2022-06-25 | Dewey Decimal Classification | ||||
| 2022-06-25 | Not For Loan | 2022-06-25 | 658.4012 س م إ | 2022-06-25 | SRF | 00176152 | مكتبة كلية العلوم و الدراسات الإنسانية برماح - طالبات (SRF) | 2022-06-25 | Dewey Decimal Classification | |||
| 2022-06-25 | 2022-06-25 | 658.4012 س م إ | 2022-06-25 | SRF | 00176153 | مكتبة كلية العلوم و الدراسات الإنسانية برماح - طالبات (SRF) | 2022-06-25 | Dewey Decimal Classification | ||||
| 2022-06-25 | Not For Loan | 2022-06-25 | 658.4012 س م إ | 2022-06-25 | SRM | 00176154 | مكتبة كلية العلوم و الدراسات الإنسانية برماح - طلاب (SRM) | 2022-06-25 | Dewey Decimal Classification | |||
| 2022-06-25 | 2022-06-25 | 658.4012 س م إ | 2022-06-25 | SRM | 00176155 | مكتبة كلية العلوم و الدراسات الإنسانية برماح - طلاب (SRM) | 2022-06-25 | Dewey Decimal Classification | ||||
| 2022-06-25 | Not For Loan | 2022-06-25 | 658.4012 س م إ | 2022-06-25 | SZM | 00176160 | مكتبة مجمع الكليات بالزلفى - طلاب (SZM) | 2022-06-25 | Dewey Decimal Classification | |||
| 2022-06-25 | 2022-06-25 | 658.4012 س م إ | 2022-06-25 | SZM | 00176161 | مكتبة مجمع الكليات بالزلفى - طلاب (SZM) | 2022-06-25 | Dewey Decimal Classification |
